Ingeniería de la cinetica quimica

Bibliographic Details
Main Author: Smith, J. M
Format: Section = Libro
Language:Undetermined
Spanish
Published: México Continental 1995
Subjects:
LEADER 00498nam a2200193Ia 4500
008 240830s9999 xx 000 0 und d
020 |a 968-26-0628-4 
040 |a CEDOC FIQ-RUSB / 660.2994 S651 
041 |a spa 
082 |a 660.2994 S651 
100 1 |a Smith, J. M 
245 1 0 |a Ingeniería de la cinetica quimica 
260 |a México  |b Continental  |c 1995 
300 |a 774 p. : il 
650 7 |a DISEÑO DE REACTORES 
650 7 |b  CINETICA QUIMICA 
942 |c BK  |2 ddc 
991 |a TEXTO 
999 |c 13258